000 01025nam a2200301 i 4500
003 EG-GICUC
005 20260419112015.0
008 260419s1994 au ||||fr|||| 00| 0 ara d
040 _a EG-GICUC
_bara
_c EG-GICUC
_d EG-GICUC
_erda
041 0 _aara
082 0 4 _221
_a345.64
_bث و . ق
092 0 4 _221
099 _aLaw1 07 345.64 ث و . ق 1994
100 0 _aثروت بدوي
_eAuthor.
245 _aالقرارات الإدارية /
_cثروت بدوي.
264 1 _aمصر:
_bدار النهضة العربية،
_c1994.
264 1 _aمصر:
_bمطبعة جامعة القاهرة،
_c1994.
300 _a80 صفحة ؛
_c24 سم
336 _2rda content
_atext
337 _2rda media
_aComputer
338 _2rda carrier
_aOnline Resource
546 _aالنص باللغة العربية
650 1 4 _aأنواع القرارات الإدارية
_2qrmak
651 1 _2qrmak
856 4 0 _uhttps://fll.law.cu.edu.eg/fulltext/bks/لآ07-02026.pdf
905 _a165
942 _2ddc
_cBK
_e21
_n0
999 _c71838
_d71838